000 00447cam a2200169ua 4500
041 _aeng
_h
082 _a300.072
_bFES/RE
100 _aFestinger, Leon .
245 0 0 _aResearch methods in the behavioral science /
_cLeon Festinger.
_hTextual Documents
250 _a1 /
_b.
260 _aNewyork :
_bHolt, Rinehart and winston ,
_c1953.
300 _a660 ; .
504 _a
700 1 _aKatz, Daniel .
942 _cBK
999 _c2227
_d2227